| 000 | 00986nam1a2200301 i 4500 | ||
|---|---|---|---|
| 001 | RU\NLR\bibl\301521 | ||
| 005 | 20260406153756.0 | ||
| 010 | _a5-94278-214-8 | ||
| 035 | _a(NLR Aleph) 000296732 | ||
| 090 |
_a1738042 _c1738042 |
||
| 100 | _a20020904d2001 u y0rusy50 ca | ||
| 101 | 1 |
_arus _ceng |
|
| 102 | _aRU | ||
| 105 | _aa z ||||| | ||
| 200 | 1 |
_aВластелин колец _e[Трилогия] _fДж. Р.Р. Толкин _g[Пер. с англ. М. Каменкович, В. Каррика] |
|
| 210 |
_aСПб. _cАмфора _d2001 |
||
| 215 | _d21 | ||
| 463 | 0 | _1001292769 | |
| 463 | 0 | _1001294907 | |
| 463 | 0 | _1001294905 | |
| 686 | _aШ6(4Вл)67-440.4{Лх1299-50} | ||
| 700 | 1 |
_4070 _8rus _7ca _aТолкин _bД. Р. Р. _f1892-1973 _gДжон Роналд Руэл _3RU\NLR\auth\776532 _9116484 |
|
| 801 | 0 |
_aRU _bNLR _c20020904 _gPSBO |
|
| 801 | 1 |
_aRU _bNLR _c20020904 |
|
| 852 |
_aNLR _j2002-3/18528 |
||
| 942 | _cBOOK | ||